Viage de España o Cartas en que se da noticia de las cosas mas apreciables y dignas de saberse ... / (Record no. 162431)

MARC details
000 -LEADER
campo de control de longitud fija 01122nam a2200217 i 4500
001 - NÚMERO DE CONTROL
campo de control 162431
003 - IDENTIFICADOR DE NÚMERO DE CONTROL
campo de control ES-MaACL
005 - FECHA Y HORA DE LA ÚLTIMA TRANSACCIÓN
campo de control 20250811063158.0
008 - DATOS DE LONGITUD FIJA--INFORMACIÓN GENERAL
campo de control de longitud fija 931025s1773 sp ax |||| | spa d
040 ## - FUENTE DE CATALOGACIÓN
Centro catalogador/agencia de origen CAM
Lengua de catalogación spa
Centro/agencia transcriptor PAB
100 1# - ENTRADA PRINCIPAL--NOMBRE DE PERSONA
Nombre de persona Ponz, Antonio,
Fechas asociadas al nombre 1725-1792
9 (RLIN) 93069
245 10 - MENCIÓN DEL TÍTULO
Título Viage de España o Cartas en que se da noticia de las cosas mas apreciables y dignas de saberse ... /
Mención de responsabilidad, etc. su autor D. Pedro Antonio de la Puente ... ; tomo II.
260 ## - PUBLICACIÓN, DISTRIBUCIÓN, ETC.
Lugar de publicación, distribución, etc. Madrid :
Nombre del editor, distribuidor, etc. por D. Joachin Ibarra ... :
-- se hallará en la librería de Esparza ...,
Fecha de publicación, distribución, etc. 1773.
300 ## - DESCRIPCIÓN FÍSICA
Extensión [8], 310 p., [1] h. de grab. ;
Dimensiones 8\pa\s.
594 ## - Nota al título y mención de responsabilidad
Nota al título y mención de responsabilidad Pedro Antonio de la Puente es seudónimo de Antonio Ponz.
597 ## - NOTA DE DESCRIPCIÓN FÍSICA
NOTA DE DESCRIPCIÓN FÍSICA Sign. : [ ]4, A-T8, V3.
599 ## - NOTA A LAS ILUSTRACIONES
NOTA A LAS ILUSTRACIONES La h. de grab. calc. : "Gil sculp." medallones.
650 #4 - PUNTO DE ACCESO ADICIONAL DE MATERIA--TÉRMINO DE MATERIA
Término de materia o nombre geográfico como elemento de entrada España-
Subdivisión general Descripción-
Subdivisión cronológica S.XVIII.
9 (RLIN) 223668
852 ## - LOCALIZACIÓN
Ubicación ES-MaACL
Número de control de estantería R-468-85
Nota libre -- Enc. piel, no original de la época
condición física -- Falto de la h. de grab.
Encuadernación -- Edic.: añadir en T245 "... y dignas de saberse que hay en ella, particularmente del Escorial / su autor..."
-- Olim: F-12859-76
Holdings
Estatus retirado Estado de pérdida Estado de daño No para préstamo Colección Biblioteca de origen Biblioteca actual Ubicación en estantería Fecha de adquisición Total de préstamos Signatura topográfica completa Código de barras Visto por última vez Precio de reemplazo Tipo de ítem Koha
        Libros del s. XVIII Biblioteca del Ateneo de Madrid Biblioteca del Ateneo de Madrid Depósito 17/01/2008   R-468-85 1170168 23/02/2023 23/02/2023 Libro impreso antiguo